000 00858nas a2200277 4500
001 BR0601178
003 BR-BrBNA
005 20231205105909.0
007 ta
008 230509b bl.|||p| |||| 00| 00por d
040 _aBR-BrBNA
_bpor
_cBiblioteca Nacional de Agricultura
041 _a(Pt)
072 _aQ02; J11
100 1 _aAraújo, F.M.M.C. de
100 1 _aMachado, A.V.
100 1 _aChitarra, A.B.
245 1 _aEfeito da atmosfera modificada ativa na qualidade do melão 'Orange Flesh' minimamente processado
650 _aMELÃO
650 _aPROCESSAMENTO
650 _aEMBALAGEM
650 _aANÁLISE ORGANOLÉPTICA
650 _aARMAZENAMENTO
773 0 _tCiência e Agrotecnologia (Brazil)
_xISSN 1413-7054
_g(Jul-Aug 2006), v. 29(4) p. 817-823
_wBR0601178
909 _a202311
_bLúcia
_c55
_dLúcia Elande
942 _2AGRIS
_n0
_cANA
999 _c185245
_d185245